| 000 | 00542nam a2200169Ia 4500 | ||
|---|---|---|---|
| 008 | 210716s1999 xx 000 0 und d | ||
| 020 | _a201526255 | ||
| 041 | _aeng | ||
| 082 | _a004.62 STEW | ||
| 100 | _aStevens, W Richard. | ||
| 245 |
_aTCP/IP illustrated: tcp for transactions http nntp and the unix domain protocols. _bTcp for transactions http nntp and the unix domain protocols. |
||
| 250 | _a1 | ||
| 260 |
_aNew Delhi _bAddison Wesley Longman _c1999 |
||
| 300 | _axix,328 | ||
| 440 | _v3 | ||
| 650 | _aInternet,Working With TCP/IP | ||
| 999 |
_c184233 _d184233 |
||